| 000 | 00969pam a2200325 i 4500 | ||
|---|---|---|---|
| 001 | 2773075 | ||
| 005 | 20170105102853.0 | ||
| 008 | 800729s1981 enkb b 001 0 eng | ||
| 010 | _a 80049957 | ||
| 015 | _aGB81 | ||
| 020 | _a0521234859 | ||
| 020 | _a0521299756 (pbk.) | ||
| 040 |
_aDLC _cDLC _dDLC |
||
| 043 | _af------ | ||
| 050 | 0 | 0 |
_aDT28 _b.O4 1981 |
| 082 | 0 | 0 |
_a960.23 _219 |
| 100 | 1 | _aOliver, Roland Anthony. | |
| 245 | 1 | 0 |
_aAfrica since 1800 / _cRoland Oliver, Anthony Atmore. |
| 250 | _a3d ed. | ||
| 260 |
_aCambridge [Eng.] ; _aNew York : _bCambridge University Press, _c1981. |
||
| 300 |
_axii, 372 p. : _bmaps ; _c23 cm. |
||
| 500 | _aIncludes index. | ||
| 504 | _aBibliography: p. 354-357. | ||
| 651 | 0 |
_aAfrica _xHistory _y19th century. |
|
| 651 | 0 |
_aAfrica _xHistory _y1884-1960. |
|
| 651 | 0 |
_aAfrica _xHistory _y1960- |
|
| 700 | 1 |
_aAtmore, Anthony, _ejoint author. |
|
| 906 |
_a7 _bcbc _corignew _d1 _eocip _f19 _gy-gencatlg |
||
| 942 |
_2ddc _cBK |
||
| 999 |
_c14371 _d14371 |
||